Представление документа в формате RUSMARC

ПолеНазваниеЗначение
  Тип записи c
  Библиографический уровень c
001 Контрольный номер RU/SLIB/B/208753737
005 Дата корректировки 20201206204143.3
010 Индекс ISBN __
d Цена 300-00
101 Язык документа __
a Язык текста rus
200 Заглавие и сведения об ответственности __
a Заглавие Родимой Земле
e Сведения, относящиеся к заглавию песни и хоры без сопровождения и в сопровождении баяна : ноты
b Общее обозначение материала Ноты
210 Выходные данные __
a Место издания М.
c Издательство Совет. композитор
d Дата издания 1976
215 Физическое описание __
a Объем 55 с.
c Иллюстрации/тип воспроизводства ноты
225 Серия __
a Серия Репертуар русских народных хоров
v Обозначение тома вып. 22
606 Тематические рубрики __
a Основная рубрика Музыка и зрелищные искусства
606 Тематические рубрики __
a Основная рубрика Вокальная музыка
610 Ключевые слова __
a Ключевые слова нотные издания; хоровые произведения; музыкальные произведения; ноты; вокальные произведения; хоровая музыка
686 Индексы других классификаций __
a Классификационный индекс 85.941
801 Источник записи _0
a Страна RU
b Организация Муниципальное бюджетное учреждение культуры "Централизованная библиотечная система" г. Сургут (Центральная городская библиотека им. А. С. Пушкина)
g Правила каталогизации КиК/Уланова
801 Источник записи _1
a Страна RU
b Организация Муниципальное бюджетное учреждение культуры "Централизованная библиотечная система" г. Сургут (Центральная городская библиотека им. А. С. Пушкина)
g Правила каталогизации КиК/Уланова
852 Данные о местонахождении __
j Шифр хранения 85.941
c Каталожный индекс 85.941
i Авторский знак Р 60
p Инвентарный номер 66520
901 Тип документа 1_
t Тип документа x
969 Тип издания __
a Тип издания сборник
990 Данные о заказе (DOS) __
j Количество экземпляров (DOS) 1